Normal view
MARC view
Entry Término temático
001 - NÚMERO DE CONTROL
- campo de control: 156628
003 - IDENTIFICADOR DEL NÚMERO DE CONTROL
- campo de control: OSt
005 - FECHA Y HORA DE LA ÚLTIMA TRANSACCIÓN
- campo de control: 20220127160514.0
008 - DATOS DE LONGITUD FIJA
- campo de control de longitud fija: 220127|| aca||aabn | a|a d
040 ## - FUENTE DE LA CATALOGACIÓN
- Centro catalogador/agencia de origen: OSt
- Centro/agencia transcriptor: OSt
150 ## - ENCABEZAMIENTO--TÉRMINO DE MATERIA
- Término de materia o nombre geográfico como elemento de entrada: Oreochromis niloticus
670 ## - FUENTE DE DATOS ENCONTRADOS
- Cita de la fuente: Work cat.: (OSt)175494: Moreno Sánchez, Linda Angélica 78711, Estudio de factibilidad técnico-económico para el establecimiento de una granja acuícola de tilapia (Oreochromis niloticus) y su industrializadora en Huehuetoca, Estado de México /, 2011
